LEADER 04015nam 2200541z 450 001 9910898083603321 005 20231003222639.0 010 $a1-119-71725-6 010 $a1-119-71701-9 035 $a(CKB)4100000011993898 035 $a(MiAaPQ)EBC6658992 035 $a(Au-PeEL)EBL6658992 035 $a(OCoLC)1263027954 035 $a(JP-MeL)3000135451 035 $a(PPN)272716936 035 $a(FR-PaCSA)88944508 035 $a(EXLCZ)994100000011993898 100 $a20230307d ||| || 135 $aurcnu|||||||| 181 $ctxt$2rdacontent 182 $cc$2rdamedia 183 $acr$2rdacarrier 200 00$aFrench Visual Dictionary for Dummies /$fConsumer Dummies 210 $cJohn Wiley & Sons, Incorporated$d2021 215 $a1 online resource (225 pages) 225 0 $a--For dummies 311 $a1-119-71719-1 327 $aIntro -- Title Page -- Copyright -- Introduction -- Table of Contents -- En route ! -- Let's go! -- A? l'ae?roport -- L'avion -- Le train -- Les transports en commun -- La voiture -- Le taxi -- The bike -- La communication de base -- Basic Communication -- Dire bonjour -- Demander poliment -- Remercier -- Dire au revoir -- S'excuser -- S'orienter -- Orienting yourself -- Demander sur un plan -- Les directions -- Les rues et quartiers -- Les lieux importants -- Les toilettes publiques -- Les directions -- La me?te?o -- La ge?ographie et les paysages -- Quelques points de repe?re -- Bon appe?tit ! -- Enjoy your meal! -- Les diffe?rents repas -- Les viandes/les poissons/les fruits de mer -- Les le?gumes -- Les fe?culents -- Les desserts -- Les fruits -- Autres types de nourriture -- Les assaisonnements/les herbes aromatiques/les e?pices -- Re?server et passer commande -- Sur la table -- Les spe?cialite?s locales -- Les menus spe?cifiques -- Sans alcool -- Avec alcool -- Bonne nuit ! -- Good night! -- L'ho?tel -- La maison d'ho?te et le gi?te -- L'auberge de jeunesse -- Le camping -- Se?jour chez l'habitant -- Les types de lit -- Les meubles et les e?quipements -- Le bain/la douche -- Les toilettes -- Les sorties -- Let's go out! -- Combien c?a cou?te? -- La monnaie/les billets/la carte bleue/le distributeur automatique -- Les boutiques -- Le supermarche? -- Les cadeaux -- L'artisanat -- Les ve?tements -- Les chaussures -- Les accessoires -- En plein air -- En salle -- Dans l'eau -- Le cine?ma -- Le the?a?tre -- L'ope?ra -- Le muse?e -- La musique -- En cas d'urgence -- In case of emergencies -- La description du corps -- La description du visage -- Le me?decin -- Pharmacie et me?dicaments -- L'ho?pital -- La police -- Les pompiers/l'ambulance -- Connect with Dummies -- End User License Agreement. 330 $a"Learn French more quickly with pictures! You're more likely to remember something when you see it. So this Visual Dictionary helps you speed up your language learning by including a full-color photo with every term, letting you build your French vocabulary faster. Whether you want to get ahead in a class or dream of chatting with the locals on that long-planned trip to Paris, this book is what you need! Organized around themes such as simple conversation, food and dining, essential accommodations, and more, it can be your secret weapon."--Amazon.com. 606 $aPicture dictionaries, English 606 $aPicture dictionaries, French 608 $aPicture dictionaries.$2lcgft 608 $aMultilingual dictionaries.$2lcgft 608 $aDictionary 608 $apicture dictionaries.$2aat 608 $adictionaries.$2aat 608 $aPicture dictionaries.$2fast 608 $aDictionaries.$2fast 608 $aDictionnaires illustre?s.$2rvmgf 608 $aDictionnaires.$2rvmgf 615 0$aPicture dictionaries, English. 615 0$aPicture dictionaries, French. 676 $a443.21 801 1$bJP-MeL 906 $aBOOK 912 $a9910898083603321 996 $aFrench Visual Dictionary for Dummies$94211432 997 $aUNINA